|
|
|
|
| LEADER |
00934cam a2200229 7i4500 |
| 001 |
0000076403 |
| 005 |
20230317090000.0 |
| 020 |
|
|
|a 9781003204466 (electronic book)
|
| 090 |
0 |
0 |
|a QE33.2.R4
|b S63 2023
|
| 245 |
0 |
0 |
|a Spaceborne synthetic aperture radar remote sensing :
|b techniques and applications
|c edited by Shashi Kumar [and three others].
|
| 264 |
|
|
|a Boca Raton, FL:
|b CRC Press,
|c 2023.
|
| 300 |
|
|
|a 1 online resource (418 pages):
|b colour illustrations, text file, PDF.
|
| 336 |
|
|
|a text
|2 rdacontent
|
| 337 |
|
|
|a computer
|2 rdamedia
|
| 338 |
|
|
|a online resource
|2 rdacarrier
|
| 650 |
|
0 |
|a Earth sciences --
|x Remote sensing
|
| 650 |
|
0 |
|a Synthetic aperture radar
|
| 700 |
1 |
|
|a Kumar, Shashi
|
| 856 |
4 |
2 |
|u http://library.unisel.edu.my/web/guest/mylibrary
|
| 997 |
|
|
|a Engineering & Life Sciences, Faculty
|b Engineering, Department
|
| 998 |
|
|
|a Civil Engineering, Degree
|
| 999 |
|
|
|a EBO0019214
|b EBOOK
|c EBOOK
|e Electronic resources
|